Every Result in the 2018 World Cup - Statistics

General Stats
  • This quiz has been taken 86 times
  • The average score is 39 of 64
Answer Stats
Game Answer % Correct
Russia - Saudi Arabia 5-0
88%
Egypt - Uruguay 0-1
80%
Russia - Egypt 3-1
80%
Uruguay - Saudi Arabia 1-0
76%
Spain - Iran 1-0
76%
Spain - Portugal 3-3
76%
Portugal - Morocco 1-0
72%
Egypt - Saudi Arabia 1-2
72%
Belgium - England 2-0
72%
Belgium - Brazil 2-1
72%
Spain - Morocco 2-2
72%
France - Croatia 4-2
72%
Morocco - Iran 0-1
68%
Russia - Uruguay 0-3
68%
France - Belgium 1-0
68%
Portugal - Iran 1-1
68%
Brazil - Mexico 2-0
68%
France - Uruguay 2-0
68%
England - Sweden 2-0
68%
France - Australia 2-1
68%
Uruguay - Portugal 2-1
68%
Japan - Belgium 2-3
68%
France - Argentina 4-3
68%
Denmark - France 0-0
64%
France - Peru 1-0
64%
Spain - Russia 1-1 a.e.t. (3-4)
64%
Peru - Denmark 0-1
60%
Sweden - Switzerland 1-0
60%
England - Croatia 1-2 a.e.t.
60%
Germany - Sweden 2-1
60%
England - Tunisia 2-1
60%
Russia - Croatia 2-2 a.e.t. (3-4)
60%
Germany - Mexico 0-1
56%
Denmark - Australia 1-1
56%
Argentina - Iceland 1-1
56%
Denmark - Croatia 1-1 a.e.t. (2-3)
56%
England - Colombia 1-1 a.e.t. (4-3)
56%
Croatia - Nigeria 2-0
56%
South Korea - Germany 2-0
56%
Croatia - Iceland 2-1
56%
Argentina - Nigeria 2-1
56%
Switzerland - Serbia 2-1
56%
Belgium - Panama 3-0
56%
Iceland - Nigeria 0-2
52%
Serbia - Brazil 0-2
52%
Argentina - Croatia 0-3
52%
Serbia - Costa Rica 1-0
52%
Sweden - South Korea 1-0
52%
Belgium - England 1-0
52%
Brazil - Switzerland 1-1
52%
Colombia - Japan 1-2
52%
Panama -England 1-6
52%
Peru - Australia 2-0
52%
Brazil - Costa Rica 2-0
52%
Mexico - South Korea 2-1
52%
Tunisia - Panama 2-1
52%
Mexico - Sweden 0-3
48%
Poland - Colombia 0-3
48%
Senegal - Poland 2-1
48%
Costa Rica - Switzerland 2-2
48%
Belgium - Tunisia 5-2
48%
Colombia - Senegal 1-0
44%
Senegal - Japan 2-2
44%
Japan - Poland 0-1
40%
No matching quizzes found
Score Distribution
Percent of People with Each Score
Percentile by Number Answered
Your Score History
You have not taken this quiz